00545nam a22001697a 450000500170000001000150001702000260003203500140005803700130007208200110008510000140009624500420011026000420015227000800019430000260027450000750030020181006122023.0 aENG-124188 a9789352808021c395.00 aEN-107720 bDBAD/PUB00a954.08 aSunderlal10aBritish rule in india /cby Sunderlal a New Delhi bSAGE Publications,c2018 aB1/I-1 Mohan Cooperative Industrial Area, Mathura Roadb New Delhi e110044 aix,536p.c22 cm.(pbk) aIt include Epilogue, bibliography, annals, index and about the author.